000 00304nam a2200133Ia 4500
008 190216s9999||||xx |||||||||||||| ||und||
100 _aPaulson. Ed
245 0 _aLearn Corel Draw In A Day`
250 _a1st Ed.
260 _bBpb Publications
_c1992
300 _a124
650 _aComputer
942 _cBK
999 _c8598
_d8598